| 000 | 00588nam a22001937a 4500 | ||
|---|---|---|---|
| 005 | 20160905171255.0 | ||
| 010 | _aENG-115916 | ||
| 020 |
_a9789380633220 _c895.00 |
||
| 035 | _aEN-99448 | ||
| 037 | _bDBAD/PUB | ||
| 082 | _a157 | ||
| 245 |
_aHuman behaviour and abnormal psychology / _bedited by D.N. Roy |
||
| 260 |
_aDelhi _bSaad Publications _c2014 |
||
| 270 |
_a526,,Vijay Park,Street.N0-5,Mooujpur _bDelhi _e110053 |
||
| 300 |
_a296p. _c22cm(Hb) |
||
| 500 | _aIncludes bibliographical references and index | ||
| 700 | _aRoy,D.N. | ||
| 942 |
_2ddc _cEN _h157 _kHUM |
||
| 999 |
_c103008 _d103008 |
||